Salvador dali (Record no. 352605)
[ view plain ]
| 000 -LEADER | |
|---|---|
| fixed length control field | 01103 a2200325 4500 |
| 003 - CONTROL NUMBER IDENTIFIER | |
| control field | OSt |
| 005 - DATE AND TIME OF LATEST TRANSACTION | |
| control field | 20180116192339.0 |
| 008 - FIXED-LENGTH DATA ELEMENTS--GENERAL INFORMATION | |
| fixed length control field | 120524t xxu||||| |||| 00| 0 eng d |
| 020 ## - INTERNATIONAL STANDARD BOOK NUMBER | |
| International Standard Book Number | 0769726712 (dvd) |
| 024 1# - OTHER STANDARD IDENTIFIER | |
| Standard number or code | 032031267190 |
| 028 42 - PUBLISHER NUMBER | |
| Publisher number | 032031267190 |
| Source | Kultur Video |
| 040 ## - CATALOGING SOURCE | |
| Transcribing agency | 0 |
| 082 ## - DEWEY DECIMAL CLASSIFICATION NUMBER | |
| Classification number | 759.6 |
| 245 10 - TITLE STATEMENT | |
| Title | Salvador dali |
| Medium | [videorecording] / |
| Statement of responsibility, etc. | DPM. |
| 260 ## - PUBLICATION, DISTRIBUTION, ETC. | |
| Place of publication, distribution, etc. | USA : |
| Name of publisher, distributor, etc. | Kultur Video, |
| Date of publication, distribution, etc. | 2004. |
| 300 ## - PHYSICAL DESCRIPTION | |
| Extent | 1 videodisc (50 min.) : |
| Other physical details | sd., col ; |
| Dimensions | 4 3/4 in. |
| 490 1# - SERIES STATEMENT | |
| Series statement | Artists of the 20th century. |
| 511 1# - PARTICIPANT OR PERFORMER NOTE | |
| Participant or performer note | Starring DPM. |
| 520 ## - SUMMARY, ETC. | |
| Summary, etc. | ARTISTS OF THE 20TH CENTURY:SALVADOR - DVD Movie. |
| 538 ## - SYSTEM DETAILS NOTE | |
| System details note | Color, DVD, NTSC. |
| 600 ## - SUBJECT ADDED ENTRY--PERSONAL NAME | |
| Personal name | DalÃ, Salvador |
| Dates associated with a name | 1904-1989 |
| 9 (RLIN) | 1876 |
| 650 0# - SUBJECT ADDED ENTRY--TOPICAL TERM | |
| Topical term or geographic name entry element | Art, Modern |
| 9 (RLIN) | 1877 |
| 650 0# - SUBJECT ADDED ENTRY--TOPICAL TERM | |
| Topical term or geographic name entry element | Painting, Spanish |
| 9 (RLIN) | 1878 |
| 650 0# - SUBJECT ADDED ENTRY--TOPICAL TERM | |
| Topical term or geographic name entry element | Biographical films |
| Geographic subdivision | Spain |
| 9 (RLIN) | 1879 |
| 700 1# - ADDED ENTRY--PERSONAL NAME | |
| Personal name | DPM. |
| 9 (RLIN) | 1880 |
| 830 #0 - SERIES ADDED ENTRY--UNIFORM TITLE | |
| Uniform title | Artists of the 20th century. |
| 9 (RLIN) | 1881 |
| 856 40 - ELECTRONIC LOCATION AND ACCESS | |
| Materials specified | Amazon.com |
| Uniform Resource Identifier | <a href="http://www.amazon.com/exec/obidos/ASIN/B0001L3LRW/chopaconline-20">http://www.amazon.com/exec/obidos/ASIN/B0001L3LRW/chopaconline-20</a> |
| 942 ## - ADDED ENTRY ELEMENTS (KOHA) | |
| Institution code [OBSOLETE] | SADA |
| Koha item type | |
| Call number prefix | CD 759.6 SAL 2004 |
| Source of classification or shelving scheme | |
| Withdrawn status | Lost status | Source of classification or shelving scheme | Damaged status | Not for loan | Permanent Location | Current Location | Date acquired | Total Checkouts | Full call number | Barcode | Date last seen | Date last checked out | Cost, replacement price | Price effective from | Koha item type |
|---|---|---|---|---|---|---|---|---|---|---|---|---|---|---|---|
| School of Art Design and Architecture (SADA) | School of Art Design and Architecture (SADA) | 02/03/2011 | 2 | CD 759.6 SAL 2004 | SADA0000575 | 10/15/2015 | 09/07/2015 | 1946.00 | 08/05/2011 |
